000 00360nam a22001577a 4500
003 OSt
008 210814b ||||| |||| 00| 0 eng d
082 _a294.35211
_bPUS
100 G _aPustak Sansaar
245 _aShri - Durga Saptashati
250 _a1st
260 _aJammu
_bPustak Sansaar
_c2018
300 _a254
650 _aReligious
942 _2ddc
_cBK
999 _c10927
_d10927